000 00459nam a2200133Ia 4500
008 220217s9999 xx 000 0 und d
245 0 _aBritish Standard: Methods of testing vulcanized rubber. Part A 25. Determination of impact brittleness temeperaturee
260 _aLondon
260 _c1968
_bBritish Standards Institution
490 _aBritish Standard
500 _aStandard number: BS 903. Prt A@5
650 _aVulcanized rubber testing
942 _cST
999 _c73224
_d73224